000 01662cam a22002174a 4500
005 20250605164148.0
008 250528s ||||||||||||||||||||||||d
035 _a19281
020 _a9603942693
040 _aGR-AtMCL
_bgre
_dGR-AtMCL
_eAACR2
245 1 _aΑποτελεσματικές Διδακτικές Στρατηγικές για μία Επιτυχημένη Ένταξη / Για Παιδιά με Σύνδρομο Down και Όχι Μόνο...: Ένας Oδηγός για Eκπαιδευτικούς, Eιδικούς και Gονείς
250 _a
260 _bΕκδόσεις Παρισιάνου,
_c2004
300 _a116
520 _aΠόση Διαφορά μπορεί να Δημιουργήσει το να Δίνεις μια Ευκαιρία, Αναγνώρισε την Ετικέτα και Δίδαξε τον Μαθητή, Τι Γνωρίζουμε; Ιατρικά Δεδομένα για το Σύνδρομο Down, Διαπροσωπικές Σχέσεις: Αντίληψη και Συμπεριφορά και Φιλίες, Ανάπτυξη Δεξιότητας Επικοινωνίας, Προσαρμογή του Σχολικού Προγράμματος, Αξιολόγηση των Μαθητών με Σύνδρομο Down, Μαθηματικά και Ανάγνωση - Δεξιότητες Ζωής για Ανεξαρτησία, Το Θεμέλιο της Κίνησης, Νομική Υποστήριξη, Πληροφορική, Bibliography and Resources.
700 1 _aTien Barbara
_95516
700 1 _aΓράψια Ειρήνη Π
_95517
942 _cBK
999 _c4545
_d4545